000 00324 a2200157 4500
001 151589
040 _cEscola São Tomás de Aquino
100 _aIACOCCA, Liliana
240 1 0 _aMateus
_lpor
245 1 0 _aMateus
300 _a43
362 0 _a1999
440 1 _aModerna
697 _a*LITERATURA INFANTO
942 _cBK
999 _c151589
_d151589